[Event "Relampago R-040 corr"]
[Site "CXV corr"]
[Date "2001.09.23"]
[Round "?"]
[White "Oliveira Pinto, Oswaldo"]
[Black "Neto Malvaso, Jose"]
[Result "1-0"]
[WhiteElo "1615"]
[BlackElo "1589"]
[PlyCount "37"]
[EventDate "2001.??.??"]
[EventType "tourn (corr)"]
[EventRounds "4"]
[EventCountry "BRA"]
[SourceTitle "Corr 2004"]
[Source "ChessBase"]
[SourceDate "2003.04.28"]
[SourceVersion "3"]
[SourceVersionDate "2003.04.28"]
[SourceQuality "1"]

1. e4 e5 2. Nf3 Nf6 3. Nxe5 d6 4. Nf3 Nxe4 5. Qe2 Qe7 6. d3 Nf6 7. Bg5 Qxe2+ 8. Bxe2 Be7 9. 0-0 0-0 10. h3 Be6 11. Nd4 Bd5 12. Nc3 Bc6 13. Rfe1 Re8 14. Bf3 Bxf3 15. Bxf6 gxf6 16. Nxf3 Nc6 17. Nd5 Rac8 18. Nd4 Ne5 19. Nf5 1-0

[Event "Relampago R-040 corr"]
[Site "CXV corr"]
[Date "2001.09.01"]
[Round "?"]
[White "Fagundes, Antonio GS"]
[Black "Oliveira Pinto, Oswaldo"]
[Result "1-0"]
[WhiteElo "1823"]
[BlackElo "1623"]
[PlyCount "45"]
[EventDate "2001.??.??"]
[EventType "tourn (corr)"]
[EventRounds "4"]
[EventCountry "BRA"]
[SourceTitle "Corr 2004"]
[Source "ChessBase"]
[SourceDate "2003.04.28"]
[SourceVersion "3"]
[SourceVersionDate "2003.04.28"]
[SourceQuality "1"]

1. d4 d5 2. c4 c6 3. Nf3 Bg4 4. Nc3 Bxf3 5. exf3 dxc4 6. Bxc4 e6 7. Qb3 Qd7 8. 0-0 Be7 9. Rd1 Nf6 10. Bf4 0-0 11. Be5 Nd5 12. Rac1 Nxc3 13. bxc3 b5 14. Bd3 Bd6 15. c4 a6 16. f4 Bxe5 17. dxe5 Qe7 18. Be4 Ra7 19. Rd6 Rd8 20. Bxh7+ Kxh7 21. Qd3+ g6 22. Rxd8 Rd7 23. Qh3+ 1-0

[Event "Relampago R-039 corr"]
[Site "CXV corr"]
[Date "2001.07.20"]
[Round "?"]
[White "Oliveira Pinto, Oswaldo"]
[Black "Fagundes, Antonio GS"]
[Result "0-1"]
[WhiteElo "1653"]
[BlackElo "1814"]
[PlyCount "54"]
[EventDate "2001.??.??"]
[EventType "tourn (corr)"]
[EventRounds "12"]
[EventCountry "BRA"]
[SourceTitle "Corr 2004"]
[Source "ChessBase"]
[SourceDate "2003.04.28"]
[SourceVersion "3"]
[SourceVersionDate "2003.04.28"]
[SourceQuality "1"]

1. e4 c6 2. d4 d5 3. e5 Bf5 4. Bd3 Bxd3 5. Qxd3 e6 6. c3 Nd7 7. Nf3 Ne7 8. 0-0 Ng6 9. Re1 c5 10. b3 Be7 11. Nbd2 0-0 12. Nf1 Rc8 13. Bd2 Re8 14. Ng3 Qc7 15. Rec1 f6 16. exf6 Bxf6 17. c4 cxd4 18. cxd5 Nc5 19. Qc4 d3 20. Rab1 Qd7 21. dxe6 Nxe6 22. Qg4 Rc2 23. Rxc2 dxc2 24. Rc1 Ne5 25. Qb4 Nd3 26. Qg4 Nxc1 27. Bxc1 Qd1+ 0-1

[Event "Relampago R-030 corr"]
[Site "CXV corr"]
[Date "2001.07.03"]
[Round "?"]
[White "Neto Malvaso, Jose"]
[Black "Oliveira Pinto, Oswaldo"]
[Result "0-1"]
[WhiteElo "1565"]
[BlackElo "1526"]
[PlyCount "36"]
[EventDate "2001.??.??"]
[EventType "tourn (corr)"]
[EventRounds "6"]
[EventCountry "BRA"]
[SourceTitle "Corr 2004"]
[Source "ChessBase"]
[SourceDate "2003.04.28"]
[SourceVersion "3"]
[SourceVersionDate "2003.04.28"]
[SourceQuality "1"]

1. e4 e5 2. Nf3 Nc6 3. Bb5 a6 4. Ba4 b5 5. Bb3 Nf6 6. d3 h6 7. 0-0 Bc5 8. Nc3 d6 9. a4 b4 10. Nd5 Bg4 11. Nxf6+ Qxf6 12. Bd5 Nd4 13. Nxd4 Bxd1 14. Bxa8 Bxd4 15. Bc6+ Kd8 16. Be3 Bxc2 17. Bxd4 exd4 18. f3 Bxd3 0-1

[Event "Relampago R-035 corr"]
[Site "CXV corr"]
[Date "2001.06.23"]
[Round "?"]
[White "Neumann Neto, Joao"]
[Black "Oliveira Pinto, Oswaldo"]
[Result "1-0"]
[WhiteElo "1743"]
[BlackElo "1580"]
[PlyCount "35"]
[EventDate "2001.??.??"]
[EventType "tourn (corr)"]
[EventRounds "6"]
[EventCountry "BRA"]
[SourceTitle "Corr 2004"]
[Source "ChessBase"]
[SourceDate "2003.04.28"]
[SourceVersion "3"]
[SourceVersionDate "2003.04.28"]
[SourceQuality "1"]

1. d4 d5 2. c4 c6 3. e3 Nf6 4. Nc3 Bf5 5. Nf3 e6 6. a3 Bd6 7. Nh4 Bg4 8. Qb3 b6 9. h3 Bh5 10. g4 Nfd7 11. cxd5 Qxh4 12. dxc6 Nxc6 13. gxh5 Qxh5 14. Qa4 Ndb8 15. Bg2 Kd7 16. d5 exd5 17. Nxd5 Qe5 18. Nxb6+ 1-0

[Event "Relampago R-032 corr"]
[Site "CXV corr"]
[Date "2001.06.23"]
[Round "?"]
[White "Popp, Tony"]
[Black "Oliveira Pinto, Oswaldo"]
[Result "1/2-1/2"]
[WhiteElo "1457"]
[BlackElo "1529"]
[PlyCount "55"]
[EventDate "2001.??.??"]
[EventType "tourn (corr)"]
[EventRounds "6"]
[EventCountry "BRA"]
[SourceTitle "Corr 2004"]
[Source "ChessBase"]
[SourceDate "2003.04.28"]
[SourceVersion "3"]
[SourceVersionDate "2003.04.28"]
[SourceQuality "1"]

1. f4 d5 2. Nf3 Nf6 3. e3 g6 4. c4 Bg7 5. cxd5 Nxd5 6. d4 0-0 7. e4 Nf6 8. e5 Nd5 9. Bc4 c6 10. 0-0 e6 11. Ng5 b5 12. Bb3 f6 13. Ne4 fxe5 14. fxe5 Rxf1+ 15. Qxf1 Qf8 16. Qxf8+ Bxf8 17. Nbc3 a6 18. Bg5 h6 19. Bd8 Nd7 20. Rf1 Bb7 21. Ba5 Kg7 22. Nxd5 cxd5 23. Nf6 Nxf6 24. Rxf6 Bc8 25. Bc2 g5 26. g4 Ra7 27. Rg6+ Kf7 28. Rf6+ 1/2-1/2